000 00612nam a22001817a 4500
003 OSt
005 20251106052947.0
008 251105b |||||||| |||| 00| 0 eng d
020 _a978-971-06-4965-5
040 _aDWCL - Main Lib
_cOC
082 _aRes. 510 N138 2023
100 _aOrines, Fernando B.
245 _aNext Century mathematics : into critical thinking and problem solving /
_cFernando B. Orines
260 _aQuezon City, Philippines :
_b: phoenix Publishing House,
_cc2023
300 _aviii, 306 pages :
_billustrations ;
_c25 cm
600 _a1. Mathematics
942 _2ddc
_cBK-0 CIRC
_mRes.
_n0
999 _c5492
_d5492